[Event "Politiken Cup"]
[Site "Copenhagen"]
[Date "2006.07.24"]
[Round "3.67"]
[White "Thingstad, Even"]
[Black "Fogh, Jens Olaf Svanholm"]
[Result "1-0"]
[WhiteElo "1861"]
[BlackElo "2093"]
[PlyCount "49"]
[EventDate "2006.??.??"]

1. d4 Nf6 2. Nf3 e6 3. Bg5 Be7 4. e3 b6 5. Nbd2 c5 6. c3 O-O 7. Bd3 Ba6 8. Bxa6
Nxa6 9. O-O d5 10. Ne5 Qe8 11. f4 b5 12. Rf3 h6 13. Rh3 hxg5 14. fxg5 g6 15.
gxf6 Bxf6 16. Qg4 Qe7 17. Rf1 Bxe5 18. dxe5 Kg7 19. Rf6 Rh8 20. Rg3 Rh6 21. Nf3
Rf8 22. Ng5 Nc7 23. Rgf3 Rh5 24. Nxf7 Qxf6 25. Rxf6 1-0

[Event "Politiken Cup"]
[Site "Copenhagen"]
[Date "2006.07.24"]
[Round "3.68"]
[White "Traerup, Jorgen"]
[Black "Olsson, Tomas"]
[Result "0-1"]
[WhiteElo "1855"]
[BlackElo "2084"]
[PlyCount "94"]
[EventDate "2006.??.??"]

1. e4 e5 2. c3 d5 3. exd5 Qxd5 4. Qf3 Be6 5. b3 Nc6 6. Qxd5 Bxd5 7. Ba3 Nge7 8.
Ne2 g6 9. Bc5 Bg7 10. Ng3 O-O-O 11. f3 f5 12. b4 Rhe8 13. Bb5 a6 14. Ba4 Bc4
15. Na3 Bd3 16. b5 axb5 17. Bxb5 Bxb5 18. Bxe7 Rxe7 19. Nxb5 Red7 20. Rd1 Bh6
21. d4 exd4 22. cxd4 Nxd4 23. Rxd4 Rxd4 24. Nxd4 Rxd4 25. O-O Be3+ 26. Kh1 Ra4
27. Re1 Rxa2 28. Nf1 Bd4 29. h3 Ra1 30. Rxa1 Bxa1 31. Ne3 c5 32. g4 fxg4 33.
fxg4 b5 34. Kg2 Bd4 35. Nc2 Kd7 36. Kf3 Ke6 37. Ke4 b4 38. Kd3 Kd5 39. h4 c4+
40. Kd2 Bc5 41. Kc1 b3 42. Ne1 Ba3+ 43. Kb1 c3 44. Nd3 c2+ 45. Ka1 b2+ 46. Ka2
b1=Q+ 47. Kxa3 Kd4 0-1

[Event "Politiken Cup"]
[Site "Copenhagen"]
[Date "2006.07.24"]
[Round "3.69"]
[White "Lauritsen, Martin Lee"]
[Black "Rasmussen, Henning"]
[Result "1-0"]
[WhiteElo "2080"]
[BlackElo "1927"]
[PlyCount "83"]
[EventDate "2006.??.??"]

1. e4 c5 2. Nf3 Nc6 3. d4 cxd4 4. Nxd4 Nf6 5. Nc3 e5 6. Ndb5 d6 7. Bg5 a6 8.
Na3 Be6 9. Nc4 Be7 10. Bxf6 gxf6 11. Ne3 Nd4 12. Bd3 h5 13. Ncd5 Nb5 14. a4 Nc7
15. Nb6 Rb8 16. a5 d5 17. exd5 Nxd5 18. Bb5+ axb5 19. Nexd5 Bxd5 20. Qxd5 Qxd5
21. Nxd5 Rc8 22. c3 Bd8 23. Ke2 Kd7 24. Rhd1 Ke6 25. Ra3 Ra8 26. b4 Ra6 27. Ne3
b6 28. Rd5 bxa5 29. Rxb5 a4 30. Rb8 f5 31. b5 Rb6 32. Rxb6+ Bxb6 33. Nc4 Bc5
34. Rxa4 Kd5 35. Nd2 Rb8 36. c4+ Ke6 37. Nb3 Be7 38. Ra6+ Kd7 39. f4 Rc8 40.
Na5 e4 41. b6 Rb8 42. Ra7+ 1-0

[Event "Politiken Cup"]
[Site "Copenhagen"]
[Date "2006.07.24"]
[Round "3.70"]
[White "Zachariassen, John"]
[Black "Thomassen, Thomas"]
[Result "1/2-1/2"]
[WhiteElo "1831"]
[BlackElo "2079"]
[PlyCount "74"]
[EventDate "2006.??.??"]

1. f4 d5 2. Nf3 Nf6 3. e3 g6 4. Be2 Bg7 5. O-O O-O 6. d3 c5 7. Kh1 Nc6 8. a4
Qd6 9. Nc3 Bg4 10. h3 Bf5 11. Nh4 Bd7 12. Qe1 e5 13. e4 Nd4 14. Bd1 dxe4 15.
dxe4 Rae8 16. f5 gxf5 17. exf5 Bc6 18. Qg3 Kh8 19. Be3 Rg8 20. Qf2 Bf8 21. Kg1
a6 22. g4 b5 23. g5 b4 24. Kh2 bxc3 25. gxf6 Qxf6 26. bxc3 Qxh4 27. Qxh4 Rg2+
28. Kh1 Rg4+ 29. Kh2 Rxh4 30. Bg5 Nxf5 31. Rxf5 Rxa4 32. Rxa4 Bxa4 33. Rxf7 e4
34. Bh5 e3 35. Bf6+ Kg8 36. Ra7 Bd6+ 37. Kg1 Rf8 1/2-1/2

[Event "Politiken Cup"]
[Site "Copenhagen"]
[Date "2006.07.24"]
[Round "3.71"]
[White "Hyldkrog, Lars"]
[Black "Sonderby, Anders"]
[Result "1-0"]
[WhiteElo "2074"]
[BlackElo "1926"]
[PlyCount "61"]
[EventDate "2006.??.??"]

1. e4 d5 2. exd5 Qxd5 3. Nc3 Qa5 4. d4 Nf6 5. Nf3 Bg4 6. h3 Bh5 7. g4 Bg6 8.
Ne5 e6 9. Bg2 c6 10. h4 Bb4 11. Bd2 Qb6 12. Be3 Qa5 13. Bd2 Qb6 14. a3 Bxc3 15.
Bxc3 Be4 16. f3 Bd5 17. Qe2 a5 18. g5 Nfd7 19. f4 Qa6 20. Qf2 Nb6 21. h5 Bxg2
22. Qxg2 N8d7 23. O-O-O Rf8 24. g6 hxg6 25. hxg6 f6 26. Nf7 f5 27. Rde1 e5 28.
dxe5 Nd5 29. Qg5 Ne7 30. e6 Nxg6 31. Nd6# 1-0

[Event "Politiken Cup"]
[Site "Copenhagen"]
[Date "2006.07.24"]
[Round "3.72"]
[White "Omarsson, Dadi"]
[Black "Marder, Simon"]
[Result "1/2-1/2"]
[WhiteElo "1830"]
[BlackElo "2069"]
[PlyCount "72"]
[EventDate "2006.??.??"]

1. e4 d5 2. exd5 Qxd5 3. Nc3 Qa5 4. d4 c6 5. Nf3 Nf6 6. Bc4 Bf5 7. Bd2 Qb6 8.
Bb3 e6 9. Qe2 Nbd7 10. O-O-O O-O-O 11. Ne5 Nxe5 12. dxe5 Nd5 13. g4 Bg6 14. f4
h5 15. h3 Bb4 16. Qf3 Bxc3 17. Bxc3 Qe3+ 18. Qxe3 Nxe3 19. Rxd8+ Kxd8 20. Bd2
Nd5 21. c4 Nb6 22. Ba5 Kc8 23. Bxb6 axb6 24. g5 Rd8 25. Rd1 Bd3 26. a3 g6 27.
Ba2 h4 28. b3 Bf5 29. Rxd8+ Kxd8 30. Kd2 Kc7 31. Ke3 Bxh3 32. Bb1 Bg4 33. Be4
Bd1 34. b4 Bg4 35. Bd3 Bd1 36. Kf2 Bb3 1/2-1/2

[Event "Politiken Cup"]
[Site "Copenhagen"]
[Date "2006.07.24"]
[Round "3.74"]
[White "Lavresen, Frands Winther"]
[Black "Forsaa, Espen"]
[Result "0-1"]
[WhiteElo "1764"]
[BlackElo "2065"]
[PlyCount "42"]
[EventDate "2006.??.??"]

1. f4 c5 2. Nf3 Nc6 3. b3 Nf6 4. Bb2 g6 5. e3 Bg7 6. Bb5 Qb6 7. a4 a6 8. Bxc6
Qxc6 9. Na3 b5 10. axb5 axb5 11. O-O d6 12. c4 bxc4 13. bxc4 O-O 14. Nb5 Ba6
15. Qe2 Rfb8 16. Ra5 Bxb5 17. Rxb5 Rxb5 18. cxb5 Qb6 19. Rb1 Rb8 20. Qc4 Qxb5
21. Qc2 Nd5 0-1

[Event "Politiken Cup"]
[Site "Copenhagen"]
[Date "2006.07.24"]
[Round "3.75"]
[White "Schmied, Andreas"]
[Black "Andersen, Dag"]
[Result "1/2-1/2"]
[WhiteElo "2062"]
[BlackElo "1910"]
[PlyCount "62"]
[EventDate "2006.??.??"]

1. e4 e6 2. d4 d5 3. Nd2 Nf6 4. e5 Nfd7 5. Bd3 c5 6. c3 Nc6 7. Ne2 Qb6 8. Nf3
cxd4 9. cxd4 f6 10. exf6 Nxf6 11. O-O Bd6 12. b3 O-O 13. Bf4 Bxf4 14. Nxf4 Ne4
15. Nh5 Bd7 16. Ng3 Nxg3 17. hxg3 g6 18. Bc2 Rae8 19. Re1 Qd8 20. Qd2 Qf6 21.
Ne5 Nxe5 22. Rxe5 Re7 23. Rae1 Ref7 24. f3 Rc8 25. Bd3 a6 26. a4 Qd8 27. Rc1
Qb6 28. Rxc8+ Bxc8 29. Qb2 Qb4 30. Re2 Rc7 31. Rc2 Qb6 1/2-1/2

[Event "Politiken Cup"]
[Site "Copenhagen"]
[Date "2006.07.24"]
[Round "3.76"]
[White "Havik, Victor"]
[Black "Di Paolo, Marco"]
[Result "1-0"]
[WhiteElo "1754"]
[BlackElo "2060"]
[PlyCount "65"]
[EventDate "2006.??.??"]

1. d4 Nf6 2. c4 g6 3. Nc3 d5 4. cxd5 Nxd5 5. e4 Nxc3 6. bxc3 Bg7 7. Nf3 c5 8.
Be3 Qa5 9. Qd2 O-O 10. Rc1 Rd8 11. Bg5 cxd4 12. cxd4 Qxd2+ 13. Kxd2 Nc6 14. d5
f6 15. Ke1 fxg5 16. dxc6 h6 17. c7 Rd6 18. Bc4+ Kh7 19. h4 gxh4 20. Rxh4 g5 21.
Nxg5+ Kg6 22. Nh3 Rc6 23. Nf4+ Kh7 24. Rh5 e5 25. Nd3 Bg4 26. Rxe5 Rxc4 27.
Rxc4 Bxe5 28. Nxe5 Be6 29. Rc3 Re8 30. f4 Kg7 31. Nc4 Bc8 32. Nd6 Rf8 33. Nxc8
1-0

[Event "Politiken Cup"]
[Site "Copenhagen"]
[Date "2006.07.24"]
[Round "3.77"]
[White "Eriksson, Christian"]
[Black "Jensen, Paul Johan"]
[Result "1/2-1/2"]
[WhiteElo "1982"]
[BlackElo "1893"]
[PlyCount "65"]
[EventDate "2006.??.??"]

1. e4 d5 2. exd5 Nf6 3. d4 Nxd5 4. Nf3 Bf5 5. Bd3 Bg6 6. O-O c6 7. Re1 Nd7 8.
c4 N5b6 9. Nc3 Nf6 10. Bg5 Qc7 11. a4 a5 12. Rc1 O-O-O 13. Bh4 Nh5 14. Bf1 f6
15. Qb3 Bf7 16. g4 Nf4 17. Bg3 g5 18. d5 Nd7 19. dxc6 Qxc6 20. Nb5 Kb8 21. Qe3
b6 22. Red1 e5 23. Rxd7 Rxd7 24. Nxe5 fxe5 25. Qxe5+ Kb7 26. Qxh8 Bc5 27. Qe5
Qf3 28. Re1 Bg6 29. Re2 Qxg4 30. Bg2+ Ka6 31. Re1 Bxf2+ 32. Kh1 Bxg3 33. Nc7+
1/2-1/2

[Event "Politiken Cup"]
[Site "Copenhagen"]
[Date "2006.07.24"]
[Round "3.78"]
[White "Karstensen, Christian"]
[Black "Rosenkilde, Alexander"]
[Result "0-1"]
[WhiteElo "1741"]
[BlackElo "2054"]
[PlyCount "68"]
[EventDate "2006.??.??"]

1. e4 c5 2. Nf3 Nc6 3. d4 cxd4 4. Nxd4 Nf6 5. Nc3 e5 6. Ndb5 d6 7. Be3 a6 8.
Na3 b5 9. Nd5 Nxe4 10. Bb6 Qh4 11. Qe2 Rb8 12. g3 Nd4 13. gxh4 Nxe2 14. Bxe2
Bb7 15. Nc7+ Kd7 16. Rg1 g6 17. f3 Nf6 18. O-O-O Be7 19. Naxb5 axb5 20. Bxb5+
Bc6 21. Bxc6+ Kxc6 22. Ba5 Bd8 23. Rd3 Nd7 24. Rgd1 Bxc7 25. Bxc7 Kxc7 26. Rxd6
Rhd8 27. R6d3 Nb6 28. Rc3+ Kb7 29. Re1 f6 30. f4 exf4 31. Re6 Nd5 32. Rb3+ Kc7
33. c4 Ne3 34. Rxf6 Rd1# 0-1

[Event "Politiken Cup"]
[Site "Copenhagen"]
[Date "2006.07.24"]
[Round "3.79"]
[White "Bering, Anders"]
[Black "Berstad, Joerund"]
[Result "1-0"]
[WhiteElo "2046"]
[BlackElo "1883"]
[PlyCount "59"]
[EventDate "2006.??.??"]

1. e4 e6 2. Qe2 c5 3. g3 Nc6 4. c3 d6 5. Bg2 Nf6 6. f4 Be7 7. Nf3 Qb6 8. d3 Bd7
9. Nbd2 d5 10. e5 Ng4 11. h3 Nh6 12. O-O Nf5 13. Qf2 h5 14. Re1 Na5 15. Nf1
O-O-O 16. Ne3 g6 17. Nxf5 gxf5 18. Be3 Qb5 19. b4 cxb4 20. cxb4 Nc6 21. a4 Qxb4
22. Rab1 Qa5 23. Rb5 Qa6 24. Rc1 Kb8 25. Rcb1 Na5 26. Qb2 Bc6 27. Qc3 d4 28.
Nxd4 Bxb5 29. axb5 Qb6 30. Nc6+ 1-0

[Event "Politiken Cup"]
[Site "Copenhagen"]
[Date "2006.07.24"]
[Round "3.80"]
[White "Fjellengen, Bård"]
[Black "Schmidt, Horst Hubert"]
[Result "1-0"]
[WhiteElo "1879"]
[BlackElo "2042"]
[PlyCount "119"]
[EventDate "2006.??.??"]

1. e4 c6 2. d4 e6 3. Nf3 d5 4. e5 c5 5. Bb5+ Nc6 6. c3 Bd7 7. Qe2 cxd4 8. cxd4
Bb4+ 9. Bd2 Qa5 10. Nc3 Nge7 11. a3 O-O 12. O-O Bxc3 13. Bxc3 Qb6 14. Bd3 Ng6
15. Qe3 f5 16. Qg5 Be8 17. Qd2 a6 18. b4 Qd8 19. a4 Bf7 20. b5 axb5 21. axb5
Nce7 22. Rxa8 Qxa8 23. Ra1 Qd8 24. Ba5 b6 25. Bb4 Re8 26. g3 h6 27. h4 Nf8 28.
Ra7 Bh5 29. Kg2 Nc8 30. Rb7 Ng6 31. Be2 Bxf3+ 32. Bxf3 Nxh4+ 33. gxh4 Qxh4 34.
Qc3 Kh7 35. Kf1 Rg8 36. Rb8 Ne7 37. Rxg8 Nxg8 38. Qc7 Qxd4 39. Bf8 Qc4+ 40.
Qxc4 dxc4 41. Bb4 g5 42. Be2 Kg6 43. Bxc4 Kf7 44. Kg2 h5 45. Be2 Kg6 46. Bd6 g4
47. Bc7 f4 48. Bd3+ Kh6 49. Bc4 h4 50. Bxe6 f3+ 51. Kh2 g3+ 52. fxg3 f2 53. Kg2
f1=Q+ 54. Kxf1 Ne7 55. Bxb6 Ng6 56. Be3+ Kg7 57. Bf4 hxg3 58. Bxg3 Ne7 59. Bh4
Ng6 60. Bf6+ 1-0

[Event "Politiken Cup"]
[Site "Copenhagen"]
[Date "2006.07.24"]
[Round "3.81"]
[White "Hayes, Stuart"]
[Black "Nielsen, Palle"]
[Result "1/2-1/2"]
[WhiteElo "2039"]
[BlackElo "1873"]
[PlyCount "129"]
[EventDate "2006.??.??"]

1. d4 d5 2. c4 c6 3. Nc3 Nf6 4. Nf3 Bf5 5. cxd5 Nxd5 6. Qb3 Nb6 7. e4 Be6 8.
Qc2 f6 9. Be3 Bf7 10. Rd1 e6 11. Be2 Be7 12. O-O N8d7 13. a3 Rc8 14. b4 a6 15.
Nd2 O-O 16. f4 f5 17. exf5 exf5 18. Qxf5 Bb3 19. Qh3 Bxd1 20. Bxd1 Nf6 21. g4
Qd7 22. f5 Nbd5 23. Nce4 Nxe3 24. Qxe3 Rcd8 25. d5 Nxd5 26. Bb3 Qc7 27. g5 Kh8
28. Qf2 Qb6 29. Qxb6 Nxb6 30. f6 gxf6 31. gxf6 Bxf6 32. Rf3 Bd4+ 33. Kg2 Rxf3
34. Nxf3 Bb2 35. Nc5 Bxa3 36. Ne5 Rd2+ 37. Kh3 Nd5 38. Nc4 Bxb4 39. Nxd2 Bxd2
40. Nxb7 Bb4 41. Kg3 Kg7 42. Nd8 Bd6+ 43. Kf2 Nb4 44. h3 Kf6 45. Kf3 h6 46. Ke4
c5 47. Nf7 Bf8 48. Ne5 Bd6 49. Nd7+ Kg5 50. Kf3 a5 51. Nb6 Nd3 52. Be6 Kh4 53.
Nc4 Ne5+ 54. Nxe5 Bxe5 55. Ke4 Bc3 56. Kf3 a4 57. Kg2 a3 58. Bg8 Be5 59. Ba2
Kg5 60. Kf3 Bc3 61. Bc4 Kf5 62. Ke3 Ke5 63. Bg8 Kd6 64. Kd3 Bb4 65. Ba2 1/2-1/2

[Event "Politiken Cup"]
[Site "Copenhagen"]
[Date "2006.07.24"]
[Round "3.82"]
[White "Quinn, David"]
[Black "Lindström, Per-Ove"]
[Result "1/2-1/2"]
[WhiteElo "2035"]
[BlackElo "1858"]
[PlyCount "67"]
[EventDate "2006.??.??"]

1. d4 Nf6 2. c4 e6 3. Nc3 c5 4. d5 exd5 5. cxd5 d6 6. e4 g6 7. Bg5 Bg7 8. f3 a6
9. a4 Nbd7 10. Nh3 h6 11. Be3 O-O 12. Qd2 Kh7 13. Be2 Ne5 14. Nf2 Rb8 15. O-O
Re8 16. h3 b6 17. f4 Ned7 18. Rae1 Qc7 19. Kh1 Bb7 20. Bf3 Qc8 21. e5 dxe5 22.
Nfe4 Nxe4 23. Nxe4 Qc7 24. fxe5 Nxe5 25. Bf4 Qd8 26. Be2 f5 27. Nc3 Qh4 28. Rd1
Rbd8 29. Qe1 Qf6 30. Qf2 Bf8 31. Rfe1 Bd6 32. Qf1 Ra8 33. Qf2 Rad8 34. Qf1
1/2-1/2

[Event "Politiken Cup"]
[Site "Copenhagen"]
[Date "2006.07.24"]
[Round "3.83"]
[White "Ertbjerg, Andreas Lund"]
[Black "Jensen, Mads"]
[Result "1-0"]
[WhiteElo "2034"]
[BlackElo "1852"]
[PlyCount "120"]
[EventDate "2006.??.??"]

1. e4 g6 2. d4 Bg7 3. Nc3 d6 4. Be3 a6 5. Qd2 b5 6. Bd3 Nd7 7. Nge2 Bb7 8. f3
c5 9. dxc5 Nxc5 10. Rd1 Nxd3+ 11. cxd3 Nf6 12. Bh6 O-O 13. Ng3 Qa5 14. Bxg7
Kxg7 15. Qg5 e6 16. O-O Qb6+ 17. Kh1 h6 18. Qd2 Rac8 19. f4 d5 20. e5 Ng4 21.
d4 h5 22. f5 Qd8 23. f6+ Kh7 24. Qg5 Rh8 25. Nxh5 Nxh2 26. Kxh2 Kg8 27. g4 Kf8
28. Kg3 Qa5 29. Rh1 Ke8 30. Ng7+ Kd7 31. a3 Rxc3+ 32. bxc3 Qxc3+ 33. Kf2 Rxh1
34. Rxh1 Qxd4+ 35. Qe3 Qxe3+ 36. Kxe3 d4+ 37. Kxd4 Bxh1 38. Kc5 Bf3 39. g5 Be2
40. Kb6 Bd3 41. Ka5 Bf1 42. Kb4 Bc4 43. Ka5 Kd8 44. Kb4 Bd5 45. Ka5 Bc6 46.
Kxa6 Bd7 47. Kb7 Bc8+ 48. Kc6 Bd7+ 49. Kb6 Bc8 50. Kxb5 Bd7+ 51. Kc5 Kc7 52.
Nh5 Ba4 53. Nf4 Kd7 54. Nd3 Bd1 55. Nb2 Bc2 56. a4 Be4 57. Nc4 Bc6 58. a5 Kc7
59. Nd6 Kd8 60. Nxf7+ Kd7 1-0

[Event "Politiken Cup"]
[Site "Copenhagen"]
[Date "2006.07.24"]
[Round "3.84"]
[White "Christensen, Svend Ib"]
[Black "Nielsen, Jens Holm"]
[Result "1/2-1/2"]
[WhiteElo "1636"]
[BlackElo "2034"]
[PlyCount "53"]
[EventDate "2006.??.??"]

1. d4 d5 2. Nf3 a6 3. Bf4 Nf6 4. e3 e6 5. a3 c5 6. c4 dxc4 7. Bxc4 b5 8. Be2
Bb7 9. dxc5 Qxd1+ 10. Bxd1 Bxc5 11. b4 Be7 12. Nbd2 Nd5 13. Be5 O-O 14. Bb2 Rc8
15. Nd4 Nc6 16. Nxc6 Bxc6 17. Bf3 Bf6 18. Bxf6 Nxf6 19. Ke2 Bxf3+ 20. gxf3 Rc2
21. Rhc1 Rac8 22. Rxc2 Rxc2 23. Kd3 Rc8 24. Ne4 Nd5 25. Nc5 a5 26. e4 axb4 27.
axb4 1/2-1/2

[Event "Politiken Cup"]
[Site "Copenhagen"]
[Date "2006.07.24"]
[Round "3.85"]
[White "Strand, Haakon"]
[Black "Andersen, Mads"]
[Result "1-0"]
[WhiteElo "2034"]
[BlackElo "1794"]
[PlyCount "75"]
[EventDate "2006.??.??"]

1. e4 c6 2. d4 d5 3. e5 Bf5 4. Nc3 e6 5. h4 h6 6. g4 Bh7 7. Bd3 Bxd3 8. Qxd3 c5
9. Be3 cxd4 10. Bxd4 Nc6 11. Nge2 a6 12. O-O-O b5 13. Ng3 Qa5 14. Kb1 Rc8 15.
f4 Nxd4 16. Qxd4 Bc5 17. Qd3 b4 18. Nce4 Be7 19. f5 Qc7 20. fxe6 fxe6 21. Nd6+
Bxd6 22. exd6 Qxd6 23. Qg6+ Kd7 24. Qxg7+ Ne7 25. Ne4 Qc7 26. c3 bxc3 27. Nxc3
Rhg8 28. Qxh6 Rxg4 29. Rhe1 Rg6 30. Qh7 Qc5 31. Nxd5 exd5 32. Rxe7+ Qxe7 33.
Qxg6 Qd6 34. Qf7+ Kc6 35. Rc1+ Kb6 36. Rxc8 Qe5 37. Qg6+ Kb7 38. Qc6+ 1-0

[Event "Politiken Cup"]
[Site "Copenhagen"]
[Date "2006.07.24"]
[Round "3.86"]
[White "Muratet Esteban, Elias"]
[Black "Jacobsen, Per"]
[Result "1/2-1/2"]
[WhiteElo "1790"]
[BlackElo "1508"]
[PlyCount "37"]
[EventDate "2006.??.??"]

1. e4 Nf6 2. e5 Nd5 3. d4 d6 4. c4 Nb6 5. exd6 cxd6 6. Nf3 Bg4 7. Be2 Nc6 8.
Be3 Bxf3 9. Bxf3 Nxc4 10. Bxc6+ bxc6 11. Qa4 Qa5+ 12. Qxa5 Nxa5 13. b3 g6 14.
Nd2 Bg7 15. Rc1 O-O 16. b4 Nb7 17. Rxc6 Rac8 18. Rxc8 Rxc8 19. O-O 1/2-1/2

[Event "Politiken Cup"]
[Site "Copenhagen"]
[Date "2006.07.24"]
[Round "3.87"]
[White "Frisk, Hans"]
[Black "Larsen, Lars Møller"]
[Result "1-0"]
[WhiteElo "2032"]
[BlackElo "1737"]
[PlyCount "45"]
[EventDate "2006.??.??"]

1. e4 c5 2. Nf3 Nc6 3. d4 cxd4 4. Nxd4 Nf6 5. Nc3 e5 6. Ndb5 d6 7. Bg5 a6 8.
Na3 b5 9. Bxf6 gxf6 10. Nd5 f5 11. exf5 Bxf5 12. c3 Bg7 13. Nc2 O-O 14. Nce3
Be6 15. Bd3 f5 16. Qh5 e4 17. Bc2 Ne7 18. Rd1 a5 19. g4 Bf7 20. Nxe7+ Qxe7 21.
Nxf5 Qe5 22. Qg5 Rad8 23. Nh6+ 1-0

[Event "Politiken Cup"]
[Site "Copenhagen"]
[Date "2006.07.24"]
[Round "3.88"]
[White "Snähre, Stig Allan"]
[Black "Jensen, Soren"]
[Result "1/2-1/2"]
[WhiteElo "1594"]
[BlackElo "2028"]
[PlyCount "58"]
[EventDate "2006.??.??"]

1. d4 Nf6 2. Bg5 e6 3. e4 h6 4. Bxf6 Qxf6 5. e5 Qd8 6. Bd3 Nc6 7. c3 Be7 8. Ne2
b6 9. Nd2 Bb7 10. Qc2 d6 11. exd6 Qxd6 12. Be4 O-O-O 13. O-O-O f5 14. Bf3 g5
15. g3 Kb8 16. Rhe1 g4 17. Bh1 Bg5 18. Kb1 h5 19. Nc4 Qf8 20. Nc1 Qf6 21. Nd3
h4 22. Nce5 Nxe5 23. Nxe5 hxg3 24. hxg3 Rxh1 25. Rxh1 Be4 26. Nd3 Bxh1 27. Rxh1
Rh8 28. Rxh8+ Qxh8 29. Qe2 Qh1+ 1/2-1/2

[Event "Politiken Cup"]
[Site "Copenhagen"]
[Date "2006.07.24"]
[Round "3.89"]
[White "Pedersen, Audun"]
[Black "Christensen, Jim L"]
[Result "1/2-1/2"]
[WhiteElo "2028"]
[BlackElo "1672"]
[PlyCount "102"]
[EventDate "2006.??.??"]

1. e4 e5 2. Nf3 Nc6 3. Bb5 Nf6 4. O-O d6 5. d4 exd4 6. Nxd4 Bd7 7. Nc3 Be7 8.
Bxc6 bxc6 9. Qd3 O-O 10. Bg5 Rb8 11. b3 a5 12. f4 Re8 13. Rae1 Ng4 14. Bxe7
Qxe7 15. Qg3 d5 16. e5 Qc5 17. Nce2 Nh6 18. Kh1 Nf5 19. Nxf5 Bxf5 20. c3 Qe7
21. Nd4 Bd7 22. f5 c5 23. f6 Qf8 24. e6 Bxe6 25. Nxe6 Rxe6 26. Rxe6 fxe6 27.
f7+ Kh8 28. Qxc7 Ra8 29. Qd7 h6 30. Qxe6 Rd8 31. Re1 Kh7 32. Qe7 d4 33. cxd4
cxd4 34. Kg1 d3 35. Qxf8 Rxf8 36. Rd1 Rxf7 37. Rxd3 Rc7 38. Rd2 a4 39. bxa4 Rc4
40. a3 Rxa4 41. Ra2 Kg6 42. Kf2 Kf5 43. Ke3 g5 44. h3 h5 45. g3 Ke5 46. Kf3 Kf5
47. h4 gxh4 48. gxh4 Rxh4 49. a4 Rh3+ 50. Kg2 Rb3 51. a5 Ke6 1/2-1/2

[Event "Politiken Cup"]
[Site "Copenhagen"]
[Date "2006.07.24"]
[Round "3.90"]
[White "Pedersen, Bent O"]
[Black "Holmen, Per Inge"]
[Result "0-1"]
[WhiteElo "2027"]
[BlackElo "1620"]
[PlyCount "78"]
[EventDate "2006.??.??"]

1. e4 d5 2. exd5 Qxd5 3. Nc3 Qa5 4. d4 Nf6 5. Nf3 Bg4 6. Be2 e6 7. O-O c6 8.
Ne5 Bxe2 9. Qxe2 Be7 10. Bf4 O-O 11. Rfe1 Qb6 12. Qd2 Rd8 13. Ne2 Nbd7 14. c3
Rac8 15. Qc2 c5 16. Nf3 cxd4 17. Nexd4 Nd5 18. Be5 Nxe5 19. Rxe5 Bf6 20. Re4
Nxc3 21. bxc3 Bxd4 22. Nxd4 Rxd4 23. Rxd4 Qxd4 24. Rd1 Qc5 25. Rd7 Qc6 26. Qd2
h6 27. Rd8+ Rxd8 28. Qxd8+ Kh7 29. Qd3+ g6 30. Kf1 a6 31. Qd2 Qc4+ 32. Ke1 Kg7
33. Kd1 Qd5 34. a4 Kf6 35. Kc2 Qa2+ 36. Kc1 Qa1+ 37. Kc2 Qxa4+ 38. Kc1 Qa1+ 39.
Kc2 Qa2+ 0-1

[Event "Politiken Cup"]
[Site "Copenhagen"]
[Date "2006.07.24"]
[Round "3.91"]
[White "Nielsen, Morten"]
[Black "Gade, Jens"]
[Result "1-0"]
[WhiteElo "2019"]
[BlackElo "1395"]
[PlyCount "71"]
[EventDate "2006.??.??"]

1. e4 c5 2. f4 d6 3. c3 Nc6 4. d4 cxd4 5. cxd4 Nf6 6. d5 Na5 7. b4 Nxe4 8. Bb5+
Bd7 9. Bxd7+ Kxd7 10. Qa4+ Nc6 11. dxc6+ bxc6 12. b5 Nc5 13. bxc6+ Kc8 14. Qc4
e6 15. Be3 Qb6 16. Nf3 Qxc6 17. O-O Rb8 18. Nbd2 Qb5 19. Rfc1 Be7 20. Nb3 Qxc4
21. Rxc4 Rb5 22. Rac1 Kd7 23. Nxc5+ dxc5 24. Ne5+ Kc7 25. Nxf7 Rhb8 26. Bxc5
Rxc5 27. Rxc5+ Bxc5+ 28. Rxc5+ Kd7 29. Rc2 Ke7 30. Ne5 Rb7 31. Kf2 Kf6 32. h4
h6 33. h5 Kf5 34. Kf3 a5 35. Rc5 Ra7 36. Ng4+ 1-0

[Event "Politiken Cup"]
[Site "Copenhagen"]
[Date "2006.07.24"]
[Round "3.92"]
[White "Roelvaag.Anders Birk"]
[Black "Hansen, Jesper"]
[Result "0-1"]
[WhiteElo "1274"]
[BlackElo "2014"]
[PlyCount "50"]
[EventDate "2006.??.??"]

1. e4 c5 2. Nc3 Nc6 3. g3 g6 4. Bg2 Bg7 5. d3 d6 6. Nge2 e6 7. O-O Nge7 8. Be3
Nd4 9. Qd2 O-O 10. Rab1 Nec6 11. Rfc1 e5 12. Bh6 Bg4 13. Bxg7 Kxg7 14. Nxd4
Nxd4 15. Qe3 f5 16. h3 f4 17. Qd2 Bxh3 18. Kh1 Bxg2+ 19. Kxg2 Qg5 20. Qe1 f3+
21. Kg1 Qg4 22. b4 b6 23. a4 Rf6 24. a5 g5 25. bxc5 Rh6 0-1

[Event "Politiken Cup"]
[Site "Copenhagen"]
[Date "2006.07.24"]
[Round "3.93"]
[White "Bjornes, Leif"]
[Black "Ostergaard, Rasmus"]
[Result "1/2-1/2"]
[WhiteElo "1710"]
[BlackElo "2173"]
[PlyCount "62"]
[EventDate "2006.??.??"]

1. d4 Nf6 2. c4 e6 3. Nc3 Bb4 4. a3 Bxc3+ 5. bxc3 c5 6. f3 d5 7. cxd5 Nxd5 8.
dxc5 O-O 9. e4 Ne7 10. Qb3 Nbc6 11. f4 Qc7 12. Be3 Na5 13. Qc2 b6 14. cxb6 axb6
15. Nf3 Ba6 16. Bxa6 Rxa6 17. Nd2 Rc8 18. Ke2 h6 19. Rhb1 Rd8 20. g3 Rd6 21.
Rb4 Nec6 22. Rb2 Nb8 23. Bd4 Nd7 24. e5 Rc6 25. Rb4 Ra8 26. Qd3 Nc5 27. Qe3 Nd7
28. Qd3 Rc8 29. Rab1 Nc5 30. Qe3 Nd7 31. Qd3 Nc5 1/2-1/2

[Event "Politiken Cup"]
[Site "Copenhagen"]
[Date "2006.07.24"]
[Round "3.94"]
[White "Hansen, Morten Lyck"]
[Black "Marcussen, Johnni A"]
[Result "1-0"]
[WhiteElo "2009"]
[BlackElo "1563"]
[PlyCount "67"]
[EventDate "2006.??.??"]

1. e4 e5 2. Nf3 Nc6 3. Bb5 a6 4. Ba4 Nf6 5. O-O b5 6. Bb3 d6 7. c3 Be7 8. d4
exd4 9. cxd4 Bg4 10. Be3 Na5 11. Bc2 Nc4 12. Bc1 c5 13. b3 Nb6 14. d5 Nbd7 15.
Nbd2 O-O 16. Re1 Ne5 17. h3 Bh5 18. Qe2 Qc8 19. Qe3 Nxf3+ 20. Nxf3 Re8 21. Qf4
Bxf3 22. Qxf3 Bd8 23. Bb2 Qd7 24. Rad1 Ra7 25. e5 dxe5 26. Bxe5 Ba5 27. Re2 Qe7
28. d6 Qb7 29. Bxf6 Rxe2 30. Qxe2 gxf6 31. Qh5 Kf8 32. Qxh7 Ke8 33. Qg8+ Kd7
34. Bf5+ 1-0

[Event "Politiken Cup"]
[Site "Copenhagen"]
[Date "2006.07.24"]
[Round "3.95"]
[White "Ulvnes, Roar"]
[Black "Nguyen, Michael"]
[Result "0-1"]
[WhiteElo "1659"]
[BlackElo "2009"]
[PlyCount "60"]
[EventDate "2006.??.??"]

1. e4 c6 2. d4 d5 3. Nc3 dxe4 4. Nxe4 Nd7 5. Ng5 Ngf6 6. Bc4 e6 7. Qe2 Nb6 8.
Bb3 h6 9. N5f3 c5 10. Be3 Qc7 11. Ne5 cxd4 12. Bxd4 Be7 13. Ngf3 O-O 14. g4
Bb4+ 15. c3 Bc5 16. g5 hxg5 17. Nxg5 Bxd4 18. cxd4 Nbd5 19. O-O Bd7 20. f4 Qb6
21. Qf2 Rad8 22. Rad1 Ne7 23. Bc2 Bb5 24. Qh4 g6 25. Qh6 Rxd4 26. Rxd4 Qxd4+
27. Rf2 Qe3 28. Bxg6 fxg6 29. Nxg6 Qxf2+ 30. Kxf2 Ng4+ 0-1

[Event "Politiken Cup"]
[Site "Copenhagen"]
[Date "2006.07.24"]
[Round "3.96"]
[White "Sørensen, Jens"]
[Black "Petersen, Nils"]
[Result "0-1"]
[WhiteElo "1681"]
[BlackElo "2007"]
[PlyCount "94"]
[EventDate "2006.??.??"]

1. d4 Nf6 2. c4 e6 3. Nc3 Bb4 4. Qc2 O-O 5. Bg5 d5 6. e3 h6 7. Bh4 Nbd7 8. a3
Be7 9. cxd5 exd5 10. Bd3 c5 11. Nf3 b6 12. O-O Bb7 13. Rad1 c4 14. Bf5 Ne8 15.
Bxe7 Qxe7 16. e4 dxe4 17. Bxe4 Bxe4 18. Nxe4 b5 19. Rfe1 Ndf6 20. Nxf6+ Qxf6
21. Ne5 Qd6 22. Qe4 Nc7 23. Nc6 Rfe8 24. Qf3 a6 25. Re3 Nd5 26. Rxe8+ Rxe8 27.
Ne5 f6 28. Ng4 Qe6 29. Ne3 Nxe3 30. fxe3 Qxe3+ 31. Qxe3 Rxe3 32. d5 Re7 33. Kf2
Kf7 34. Kf3 Ke8 35. a4 Kd7 36. axb5 axb5 37. d6 Re8 38. Rd5 b4 39. Rd4 Rc8 40.
Ke2 Rc6 41. Ke1 c3 42. bxc3 bxc3 43. Kd1 Ra6 44. Kc2 Ra2+ 45. Kxc3 Rxg2 46. h4
h5 47. Rd3 Rg4 0-1